00627cam a22001937a 4500003000500000005001700005008004100022010001000063011001000073035001000083040000900093082001700102110000900119245012700128260004600255300001100301650004900312650007200361CHAP20220817042445.0971013s1986 r 00010 d a45337 a46309 a50450 cCHAP a338.9725bU52 aUACH10aCaracterización de una comunidad del simontano de la sierra del Río Frío (Santa Catarina del Monte, Texcoco, Méx.) aChapingo, Méx. :bLa Universidad,c1986 a127 h.14aAgriculturaxEstadísticasxMéxico (Edo.)14aSanta Catarina del Monte, Texcoco, MéxxCondiciones económicas.